La Dame aux Camélias

Guardat en:
Dades bibliogràfiques
Autor principal: Dumas, Alejandro (Autor)
Format: Llibre
Idioma:francès
Publicat: París Calmann Lévy 1966
Col·lecció:Le Livre de Poche
Matèries:
Etiquetes: Afegir etiqueta
Sense etiquetes, Sigues el primer a etiquetar aquest registre!

MARC

LEADER 00000nam a2200000 a 4500
001 UCQ4519
003 CL-VaPUC
008 980904e19660000FR |||||||||||||||||fre|d
082 0 4 |a 843  |b DUM  |2 21 
100 0 |a Dumas, Alejandro  |e author  |9 418686 
245 1 3 |a La Dame aux Camélias 
300 |a 244 p 
942 |c BK 
945 |d 19980904 00:00:00  |a lriquelm 
260 |a París  |b Calmann Lévy  |c 1966 
650 0 |a Novela francesa  |9 264985 
650 0 |a Literatura francesa  |9 266330 
583 |a last modification  |c 19980904 00:00:00  |k Rodrigo Vera 
490 0 |a Le Livre de Poche 
999 |c 274892  |d 274890 
952 |0 0  |1 0  |4 0  |6 843_000000000000000_DUM_1966  |7 0  |8 A  |9 311255  |a BIBEDU  |b BIBEDU  |d 2019-11-20  |i 1462687  |o 843 DUM 1966  |p 1462687  |r 2019-11-20  |w 2019-11-20  |y BK  |k LIT